Arthur célèbres - Statistiques

Statistiques générales
  • Ce quiz a été pris 1 165 fois
    91 depuis la dernière actualisation
  • Le résultat moyen est 5 sur 8
Statistiques - réponses
Descriptif Réponse % Correct
Poète français, compagnon de Paul Verlaine, auteur des œuvres Le bateau ivre, Le Dormeur du val et Voyelles. Rimbaud
100%
Écrivain et médecin écossais ayant créé le personnage de fiction anglais Sherlock Holmes. Conan Doyle
77%
Fondateur d'une brasserie irlandaise et éponyme d'une bière. Guinness
68%
Auteur-compositeur-interprète connu pour son duo avec Paul Simon dont les chansons les plus célèbres sont The Sound of Silence, Mrs. Robinson et The Boxer. Garfunkel
63%
Tennisman français 30ème du classement ATP en avril 2026 et demi-finaliste du Masters 1000 de Miami. Fils
58%
Acteur, metteur en scène et producteur de cinéma français, fils de l'un des membres de la troupe du Splendid, ayant notamment joué dans Monsieur Batignole, Les Bronzés 3 ou encore C'est beau la vie quand on y pense. Jugnot
51%
Dramaturge, écrivain et essayiste américain ayant écrit les pièces de théâtre Les sorcières de Salem et Mort d'un commis voyageur. Scénariste des films Les Désaxés et Le Milliardaire, il fut marié à Marylin Monroe de 1956 à 1961. Miller
25%
Philosophe allemand auteur de Le Monde comme volonté et comme représentation, ouvrage ayant notamment poussé Nietzsche à s'intéresser à la philosophie. Schopenhauer
19%
Aucun quiz correspondant
Distribution des résultats
% des personnes avec chaque résultat
Percentile par nombre de réponses
Votre historique - résultats
Vous n’avez pas pris ce quiz depuis la dernière actualisation